| 000 | 00000nam 2200000za 4500 |
| 001 | 9.846895 |
| 003 | CaOODSP |
| 005 | 20221107153319 |
| 007 | cr ||||||||||| |
| 008 | 171109s1988 onc |o f|0| 0 eng d |
| 040 | |aCaOODSP|beng |
| 043 | |an-cn--- |
| 086 | 1 |aCS11-0019/18E-PDF |
| 100 | 1 |aBollman, Ray D. |
| 245 | 12|aA profile of farmers with computers |h[electronic resource] / |cby Ray D. Bollman. |
| 260 | |a[Ottawa] : |bStatistics Canada, |c1988. |
| 300 | |a39 p. |
| 490 | 0 |aResearch paper series ; |vno. 18 |
| 500 | |aIssued also in French under title: Profil des exploitants agricoles dotés d'un ordinateur. |
| 500 | |aDigitized edition from print [produced by Statistics Canada]. |
| 504 | |aIncludes bibliographic references. |
| 520 | |a"According to the 1986 Census of Agriculture, only a small proportion of all census-farms have a computer that is used "principally in managing your farm business". This paper shows some of the variables that are associated with the use of computers on farms and has suggested the size of the remaining potential market for computers and computer products."--Abstract. |
| 692 | 07|2gccst|aFarms |
| 692 | 07|2gccst|aComputers |
| 710 | 2 |aStatistics Canada. |bAnalytical Studies Branch. |
| 775 | 08|tProfil des exploitants agricoles dotés d'un ordinateur |w(CaOODSP)9.846898 |
| 830 | #0|aResearch paper series (Statistics Canada. Analytical Studies Branch)|vno. 18|w(CaOODSP)9.504421 |
| 856 | 40|qPDF|s4.91 MB|uhttps://publications.gc.ca/collections/collection_2017/statcan/11f0019m/CS11-0019-18-eng.pdf |